|
|
|
|
| LEADER |
00000nam a2200000 a 4500 |
| 001 |
vtls001489807 |
| 003 |
SK-MaSNL |
| 005 |
20260302073802.0 |
| 008 |
240314s xo a g f 001 0 slo |
| 015 |
|
|
|a SNBA2005/06-02039
|
| 020 |
|
|
|a 8096858491
|q (brož.)
|
| 035 |
|
|
|a 7D2CBAB9-9B16-46DF-82E8-5BA6CEC6F7D6
|
| 035 |
|
|
|a urn:nbn:sk:snk-amlutg
|
| 035 |
|
|
|a urn:nbn:sk:snk-am00ccu1
|
| 040 |
|
|
|a SNK
|b slo
|c SNK
|e AACR2
|
| 041 |
0 |
|
|a slo
|
| 044 |
|
|
|a xo
|c SK
|
| 072 |
|
7 |
|a 81
|x Jazykoveda. Jazyky
|2 konspekt
|
| 080 |
|
|
|a (038)
|2 MDT-MRF
|
| 080 |
|
|
|a (035)
|2 MDT-MRF
|
| 080 |
|
|
|a 81`221.24
|2 MDT-MRF
|
| 100 |
1 |
|
|a Šmehilová, Anna
|4 aut
|9 81796
|
| 245 |
1 |
0 |
|a Základy posunkového jazyka nitrianskeho regiónu
|c Anna Šmehilová, Anna Šmehilová
|n I.
|
| 250 |
|
|
|a 1. vyd.
|
| 260 |
|
|
|a Nitra
|b [Effeta]
|c 2003
|
| 300 |
|
|
|a 86 s.
|b ilustr.
|c 29 cm
|
| 501 |
|
|
|a Vydavateľstvo uvedené podľa ISBN
|
| 504 |
|
|
|a Reg.
|
| 650 |
0 |
7 |
|a znaková reč
|2 SNKPH
|9 71405
|
| 655 |
|
7 |
|a jazykové slovníky
|2 SNKPH
|9 70525
|
| 655 |
|
7 |
|a príručky
|2 SNKPH
|9 74364
|
| 700 |
1 |
|
|a Šmehilová, Anna
|4 aut
|9 81796
|
| 919 |
|
|
|a ISBN 80-968584-9-1
|
| 968 |
|
|
|d 81
|
| 999 |
|
|
|c 1162375
|d 1164305
|
| 952 |
|
|
|a SNK
|b SNK
|y VYP
|7 0
|p 17A0456880
|o snkSB 69827/1 D1
|i snk2005/819
|8 0
|0 0
|1 0
|4 0
|d 2005-01-21
|l 0
|r 2016-06-30 00:00:00
|w 2026-02-24
|
| 952 |
|
|
|a SNK
|b SNK
|y PREZ
|7 0
|p 17A0456879
|o snkSB 69827/1
|i snk2005/818
|8 0
|0 0
|1 0
|4 0
|d 2005-01-21
|f 1
|l 0
|r 2025-04-23 00:00:00
|w 2026-02-24
|